| 000 | 00450pab a2200169 454500 | ||
|---|---|---|---|
| 008 | 180718b1998 xxu||||| |||| 00| 0 eng d | ||
| 100 | _aGandhe, S.K. | ||
| 245 | _aDistance education: role of new technologies in the 21st century | ||
| 260 | _c1998 | ||
| 300 | _ap.9-12 | ||
| 362 | _a17 Aug | ||
| 650 | _aEducation - India | ||
| 650 | _aDistance education - India | ||
| 650 | _aDistance education | ||
| 773 | _aUniversity News | ||
| 909 | _a38353 | ||
| 999 |
_c38353 _d38353 |
||